000 00237nam a22000857a 4500
008 160915b xxu||||| |||| 00| 0 eng d
100 _9487
_aAggarwal.R.S.etal
245 _aMental Mathematics-5
260 _aNew Delhi
_bS. Chand Publications
_c2011
999 _c3144
_d3144